| 000 | 01453nam a2200229Ia 4500 | ||
|---|---|---|---|
| 003 | Ost | ||
| 005 | 20260507075703.0 | ||
| 008 | 260507s9999||||xx |||||||||||||| ||und|| | ||
| 020 | _a9789947780695 | ||
| 040 | _cfsecg | ||
| 041 | _aara | ||
| 082 | _a332.46 | ||
| 100 | _eمؤلف | ||
| 245 | 0 | _aالنظام النقدي الدولي أدوات قواعد و آليات تسييرية / | |
| 260 |
_aالجزائر: _bالنشر الجامعي الجديد, _c2021 |
||
| 300 |
_a176 صفحة؛ _bمخططات بيانية _c24 سم |
||
| 504 | _aمراجع ص.155- 174 ملاحق ص.175- 176 | ||
| 520 | _aالنظام النقدي الدولي وأدواته التسييرية ، ماهيته، مع نظام القاعدة الذهبية، أدوات وآليات التحكم وكذلك نظام bretton woods ونظام التعويم، بالاضافة الى النظام النقدي الدولي بعد أحداث أزمة 2008 الذي تضمن الاطار العام بحكم التعامل الاقتصادي ما بين دول العالم وتحديد العوامل المؤدية الى الأزمات مع تكثيف الجهود الدولية، والمبادئ الأساسية لاصلاح الأسواق المالية والاتفاق على تطبيق مبادئ مشتركة له والتعاون الدولي. | ||
| 653 | _aالمالية | ||
| 653 | _aالنظام النقدي الدولي | ||
| 942 | _cكتاب | ||
| 999 |
_c45859 _d45859 |
||